Cinéma français : (Record no. 929)
[ view plain ]
| 000 -LEADER | |
|---|---|
| campo de control de longitud fija | 01485cam a22002894a 4500 |
| 001 - NÚMERO DE CONTROL | |
| campo de control | 5561183 |
| 003 - IDENTIFICADOR DE NÚMERO DE CONTROL | |
| campo de control | 000054 |
| 005 - FECHA Y HORA DE LA ÚLTIMA TRANSACCIÓN | |
| campo de control | 20220326193348.0 |
| 008 - DATOS DE LONGITUD FIJA--INFORMACIÓN GENERAL | |
| campo de control de longitud fija | 050621s2005 fr ac bq 000 0 fre c |
| 020 ## - NÚMERO INTERNACIONAL ESTÁNDAR DEL LIBRO | |
| Número Internacional Estándar del Libro | 2914935447 (pbk.) |
| 035 ## - NÚMERO DE CONTROL DEL SISTEMA | |
| Número de control de sistema | (OCoLC)ocm60845827 |
| 035 ## - NÚMERO DE CONTROL DEL SISTEMA | |
| Número de control de sistema | (NNC)5561183 |
| 040 ## - FUENTE DE CATALOGACIÓN | |
| Centro catalogador/agencia de origen | AUXAM |
| Lengua de catalogación | fre |
| Centro/agencia transcriptor | AUXAM |
| Centro/agencia modificador | TZT |
| -- | OCLCQ |
| -- | FUG |
| 042 ## - CÓDIGO DE AUTENTICACIÓN | |
| Código de autenticación | pcc |
| 043 ## - CÓDIGO DE ÁREA GEOGRÁFICA | |
| Código de área geográfica | e-fr--- |
| 082 ## - NÚMERO DE LA CLASIFICACIÓN DECIMAL DEWEY | |
| Número de clasificación | 791.430.944 |
| Número de ítem | B858c |
| 100 1# - ENTRADA PRINCIPAL--NOMBRE DE PERSONA | |
| Nombre de persona | Brion, Patrick. |
| 9 (RLIN) | 160 |
| 245 10 - MENCIÓN DEL TÍTULO | |
| Título | Cinéma français : |
| Resto del título | 1895-2005 / |
| Mención de responsabilidad, etc. | Patrick Brion. |
| 260 ## - PUBLICACIÓN, DISTRIBUCIÓN, ETC. | |
| Lugar de publicación, distribución, etc. | Paris : |
| Nombre del editor, distribuidor, etc. | Adpf, Association pour la diffusion de la pensée française, |
| Fecha de publicación, distribución, etc. | c2005. |
| 300 ## - DESCRIPCIÓN FÍSICA | |
| Extensión | 157, ix p. : |
| Otras características físicas | ill. (some col.), ports. ; |
| Dimensiones | 25 cm. |
| 504 ## - NOTA DE BIBLIOGRAFÍA, ETC. | |
| Nota de bibliografía, etc. | Includes bibliographical references (p. 143-157) and filmography (p. 109-[142]). |
| 505 ## - NOTA DE CONTENIDO CON FORMATO | |
| Título | Histoire et préhistoire |
| -- | La vraie naissance du cinématographe |
| -- | Le cinéma devient une industrie |
| -- | La fin de la suprématie française |
| -- | Le cinéma: art ou spectacle? |
| -- | Qualité et diversité |
| -- | L'âge d'or (1928-1939) |
| -- | Les années sombres (1940-1945) |
| -- | Une production indépendante |
| -- | Des films et des structures |
| -- | L'après-guerre et la menaca d'hégémonie américaine |
| -- | Déceptions et réussites |
| -- | La nouvelle vague |
| -- | Les critiques deviennent réalisateurs |
| -- | 1968 |
| -- | 1973 |
| -- | 1984: La télévision devient le grand argentier du cinéma français |
| -- | Une production diversifiée |
| 650 #0 - PUNTO DE ACCESO ADICIONAL DE MATERIA--TÉRMINO DE MATERIA | |
| Término de materia o nombre geográfico como elemento de entrada | Motion pictures |
| Subdivisión geográfica | France |
| Subdivisión general | History. |
| 9 (RLIN) | 161 |
| 700 ## - ENTRADA AGREGADA--NOMBRE PERSONAL | |
| Nombre de persona | Patrick Brion |
| 9 (RLIN) | 162 |
| 948 1# - PROCESAMIENTO DE INFORMACIÓN LOCAL (OCLC); DESIGNADOR DE PARTE DE LA SERIE (RLIN) | |
| Designador de la parte de la serie, SPT (RLIN) | 20060821 |
| b (OCLC) | c |
| c (OCLC) | rf4 |
| d (OCLC) | MPS |
| Estatus retirado | Estado de pérdida | Fuente del sistema de clasificación o colocación | Estado de daño | No para préstamo | Biblioteca de origen | Biblioteca actual | Ubicación en estantería | Fecha de adquisición | Total de préstamos | Signatura topográfica completa | Código de barras | Visto por última vez | Precio de reemplazo | Tipo de ítem Koha |
|---|---|---|---|---|---|---|---|---|---|---|---|---|---|---|
| Clasificación Decimal Dewey | Biblioteca LadoV | Biblioteca LadoV | 01/06/2016 | 791.430.944 B858c | 000054 | 01/06/2016 | 01/06/2016 | Material 01 |
